[Event "9th ECC w"]
[Site "Izmir TUR"]
[Date "2004.10.03"]
[Round "1"]
[White "Lomineishvili,M"]
[Black "Zdebskaja,N"]
[Result "1/2-1/2"]
[WhiteElo "2429"]
[BlackElo "2321"]
[EventDate "2004.10.03"]

1. d4 Nf6 2. c4 e6 3. Nf3 b6 4. Nc3 Bb7 5. a3 d5 6. cxd5 Nxd5 7. Bd2 c5 8.
Qc2 cxd4 9. Nxd4 Bc5 10. Nb3 Be7 11. e4 Nxc3 12. Bxc3 O-O 13. Bd3 Nd7 14.
Rd1 Qc8 15. Qe2 Bxa3 16. Bb5 Nb8 17. Rd3 Be7 18. Rh3 g6 19. O-O f6 20. Rc1
Bc6 21. Bc4 b5 22. Bxb5 Bxb5 23. Qxb5 Qa6 24. Nd4 Qxb5 25. Nxb5 Rc8 26. Ra1
a6 27. Nd4 e5 28. Nc2 Rc4 29. Re3 Nd7 30. Ree1 Nc5 31. Ne3 Rxe4 32. Nd5
Rxe1+ 33. Bxe1 Bd8 34. b4 Nb3 35. Ra4 Nd4 36. Nc3 Nc2 37. Bd2 Rb8 38. Rxa6
Nxb4 39. Ra7 Nd3 40. Kf1 Bb6 41. Rd7 Rd8 42. Nd5 Rxd7 43. Nxf6+ Kf7 44.
Nxd7 1/2-1/2

[Event "9th ECC w"]
[Site "Izmir TUR"]
[Date "2004.10.03"]
[Round "1"]
[White "Miloradovic,J"]
[Black "Matnadze,A"]
[Result "0-1"]
[WhiteElo "2133"]
[BlackElo "2338"]
[EventDate "2004.10.03"]

1. Nf3 Nf6 2. c4 e6 3. g3 b6 4. Bg2 Bb7 5. O-O Be7 6. b3 O-O 7. Bb2 c5 8.
e3 d5 9. Nc3 Nc6 10. cxd5 exd5 11. d4 Rc8 12. Bh3 Rb8 13. Ne5 Nxe5 14. dxe5
Ne4 15. f4 Nxc3 16. Bxc3 d4 17. Bd2 Qd5 18. Kf2 f6 19. e4 Qxe4 20. Re1 Qc6
21. Rc1 Rbe8 22. b4 c4 23. b5 Qd5 24. exf6 Bxf6 25. Bf1 c3 26. Rxe8 Rxe8
27. Be1 d3 0-1

[Event "9th ECC w"]
[Site "Izmir TUR"]
[Date "2004.10.03"]
[Round "1"]
[White "Molchanova,T"]
[Black "Korbut,E"]
[Result "0-1"]
[WhiteElo "2298"]
[BlackElo "2400"]
[EventDate "2004.10.03"]

1. e4 c5 2. Nf3 Nc6 3. d4 cxd4 4. Nxd4 Nf6 5. Nc3 d6 6. Be2 g6 7. O-O Bg7
8. Nb3 O-O 9. Bg5 a6 10. f3 b5 11. Kh1 h6 12. Be3 Bb7 13. Qd2 Kh7 14. a4
bxa4 15. Rxa4 Nd7 16. Rfa1 Qc8 17. R1a2 Rd8 18. Nd5 e6 19. Nb4 Nc5 20. R4a3
Nxb4 21. Qxb4 Nxb3 22. Qxb3 d5 23. exd5 Rb8 24. Ba7 Ra8 25. Be3 exd5 26.
Qd3 Re8 27. Bf1 Qe6 28. Bd4 Bf8 29. Rb3 Bc8 30. Ra1 Bd6 31. Bc3 Bc5 32. Bd4
Ba7 33. Qd2 Qd6 34. Re3 Rxe3 35. Qxe3 Bb8 36. g3 Qe6 37. Re1 Qxe3 38. Rxe3
Be6 39. Ra3 a5 40. b4 Bc7 41. Kg2 Bd8 42. c3 Bd7 43. c4 dxc4 44. Bxc4 Rc8
45. Bxf7 Rc2+ 46. Bf2 axb4 47. Ra7 Rxf2+ 0-1

[Event "9th ECC w"]
[Site "Izmir TUR"]
[Date "2004.10.03"]
[Round "1"]
[White "Shadrina,T"]
[Black "Dushenok,A"]
[Result "1-0"]
[WhiteElo "2401"]
[BlackElo "2238"]
[EventDate "2004.10.03"]

1. e4 e6 2. d4 d5 3. Nc3 dxe4 4. Nxe4 Nd7 5. Nf3 Ngf6 6. Nxf6+ Nxf6 7. Bg5
c5 8. Ne5 Qa5+ 9. Bd2 Qb6 10. Nc4 Qc6 11. Ne5 Qe4+ 12. Be3 a6 13. Qd2 cxd4
14. Qxd4 Qxd4 15. Bxd4 Nd5 16. O-O-O b5 17. Be2 Bb7 18. Bh5 g6 19. Bf3 Bg7
20. Ng4 Bxd4 21. Rxd4 Ke7 22. Ne3 Nxe3 23. Bxb7 Nf5 24. Rd3 Ra7 25. Be4 Nd6
26. Bf3 Nc4 27. Be2 Rc8 28. Rhd1 Rac7 29. Rc3 b4 30. Rxc4 Rxc4 31. Bxc4
Rxc4 32. Rd3 Rh4 33. h3 Rf4 34. f3 Rf5 35. a3 a5 36. axb4 axb4 37. Rd4 Rb5
38. Kd2 e5 39. Rd3 f5 40. g4 h6 41. Rb3 Kd6 42. Ke3 Kc5 43. Rd3 Rb6 44. Rd8
Rf6 45. Rh8 fxg4 46. hxg4 g5 47. Re8 Kd5 48. Ra8 Rc6 49. Ra5+ Ke6 50. Kd3
Rd6+ 51. Ke3 Rc6 52. Rb5 Rxc2 53. Rxb4 Rc6 54. Ke4 Rd6 55. Rc4 Kf6 56. b4
Ke6 57. b5 1-0

[Event "9th ECC w"]
[Site "Izmir TUR"]
[Date "2004.10.03"]
[Round "1"]
[White "Sirotkina,N"]
[Black "Polovnikova,E"]
[Result "1/2-1/2"]
[WhiteElo "2221"]
[BlackElo "2407"]
[EventDate "2004.10.03"]

1. d4 d5 2. c4 c6 3. Nf3 Nf6 4. Qc2 e6 5. Nbd2 Nbd7 6. g3 c5 7. Bg2 cxd4 8.
cxd5 Nxd5 9. Nxd4 Qb6 10. N4f3 Be7 11. O-O O-O 12. a3 Qa6 13. Re1 Nb4 14.
Qb1 Nc6 15. b4 b5 16. Bb2 Bb7 17. Ne4 h6 18. Qd3 Nb6 19. Qc3 f6 20. Bh3 Nd8
21. Nc5 Bxc5 22. Qxc5 Na4 23. Qc2 Rc8 24. Qd2 Nf7 25. Rac1 Rcd8 26. Rc2 Rc8
27. Rec1 Rfd8 28. Rxc8 Bxc8 29. Ba1 e5 30. Re1 1/2-1/2

[Event "9th ECC w"]
[Site "Izmir TUR"]
[Date "2004.10.03"]
[Round "1"]
[White "Slavina,I"]
[Black "Ovod,E"]
[Result "1-0"]
[WhiteElo "2401"]
[BlackElo "2301"]
[EventDate "2004.10.03"]

1. e4 c5 2. Nf3 e6 3. c4 b6 4. Nc3 Bb7 5. Be2 d6 6. d4 cxd4 7. Nxd4 Nf6 8.
f3 Be7 9. Be3 O-O 10. Qd2 a6 11. O-O Nbd7 12. Rac1 Rc8 13. a3 Qc7 14. b4
Qb8 15. Na4 Bd8 16. Kh1 Re8 17. Rfe1 g6 18. Bf1 h5 19. Bg5 Kg7 20. Red1 Bc7
21. Qb2 Qa8 22. c5 bxc5 23. bxc5 dxc5 24. Nxc5 Be5 25. Nxb7 Rb8 26. Rb1 Nc5
27. Qb4 Rec8 28. Nxc5 Rxb4 29. axb4 a5 30. Ra1 Qb8 31. Rxa5 Qxb4 32. Ncxe6+
fxe6 33. Rxe5 Nh7 34. Nxe6+ Kg8 35. Red5 Nxg5 36. Nxg5 Qb2 37. e5 Rc1 38.
e6 Kf8 39. Rd8+ Ke7 40. R8d7+ Kf6 41. f4 Kf5 42. e7 1-0

[Event "9th ECC w"]
[Site "Izmir TUR"]
[Date "2004.10.03"]
[Round "1"]
[White "Benderac,A"]
[Black "Bar Shalom,O"]
[Result "1-0"]
[WhiteElo "2299"]
[BlackElo "2080"]
[EventDate "2004.10.03"]

1. d4 Nf6 2. Nc3 g6 3. e4 d6 4. f3 Nbd7 5. Be3 Bg7 6. Qd2 O-O 7. O-O-O e5
8. d5 a5 9. g4 Nc5 10. Bh6 Kh8 11. Bg5 Bd7 12. h4 Qe8 13. h5 Kg8 14. Nge2
b5 15. Ng3 b4 16. Nb1 Qb8 17. Bh6 a4 18. Bxg7 Kxg7 19. hxg6 fxg6 20. Qh6+
Kf7 21. g5 Ne8 22. Qxh7+ Ng7 23. Rh6 Be8 24. Rxg6 Ke7 25. Rxg7+ Kd8 26. Bh3
b3 27. g6 Rf4 28. cxb3 axb3 29. a3 Ra4 30. Qh5 Rc4+ 31. Nc3 Nd7 32. Bxd7
Bxd7 33. Qg5+ 1-0

[Event "9th ECC w"]
[Site "Izmir TUR"]
[Date "2004.10.03"]
[Round "1"]
[White "Botvinnik,Ir"]
[Black "Maric,A"]
[Result "1/2-1/2"]
[WhiteElo "2239"]
[BlackElo "2418"]
[EventDate "2004.10.03"]

1. c4 e6 2. g3 d5 3. Bg2 Nf6 4. Nf3 dxc4 5. Qa4+ c6 6. Qxc4 b5 7. Qc2 Bb7
8. d4 Nbd7 9. Nc3 c5 10. dxc5 Bxc5 11. O-O Rc8 12. Qd3 a6 13. Bf4 O-O 14.
Bd6 Bxd6 15. Qxd6 Nb6 16. Qxd8 Rfxd8 17. Rfd1 Rxd1+ 18. Nxd1 Kf8 19. Ne1
Bxg2 20. Kxg2 e5 21. f3 e4 22. Ne3 Na4 23. b3 Nc3 24. Rc1 b4 25. Nd1 Ke7
26. Nxc3 bxc3 27. Kf2 exf3 28. Kxf3 Rc5 29. e4 Re5 30. Nd3 Rxe4 31. Nc5 Re5
32. Rxc3 Rf5+ 33. Ke2 Nd5 34. Rc1 a5 35. a3 Nf6 1/2-1/2

[Event "9th ECC w"]
[Site "Izmir TUR"]
[Date "2004.10.03"]
[Round "1"]
[White "Len,I"]
[Black "Chelushkina,I"]
[Result "0-1"]
[WhiteElo "2105"]
[BlackElo "2373"]
[EventDate "2004.10.03"]

1. d4 c5 2. d5 d6 3. c4 e6 4. Nc3 exd5 5. cxd5 a6 6. a4 Nf6 7. e4 g6 8. Be2
Bg7 9. Nf3 O-O 10. O-O Re8 11. Nd2 Nbd7 12. f4 Qc7 13. Qc2 Rb8 14. a5 b5
15. axb6 Nxb6 16. Nc4 Nxc4 17. Bxc4 Rb4 18. Bd3 Qd7 19. Ra4 Ng4 20. Nd1
Bd4+ 21. Kh1 Rxa4 22. e5 Ra1 23. e6 0-1

[Event "9th ECC w"]
[Site "Izmir TUR"]
[Date "2004.10.03"]
[Round "1"]
[White "Bojkovic,N"]
[Black "Johansson,V"]
[Result "1/2-1/2"]
[WhiteElo "2398"]
[BlackElo "2189"]
[EventDate "2004.10.03"]

1. e4 c5 2. Nf3 Nc6 3. d4 cxd4 4. Nxd4 g6 5. c4 Bg7 6. Be3 Nf6 7. Nc3 Ng4
8. Qxg4 Nxd4 9. Qd1 Ne6 10. Rc1 Qa5 11. Qd2 b6 12. Qd5 Qxd5 13. cxd5 Nc5
14. f3 O-O 15. b4 Nb7 16. Nb5 f5 17. Bd3 f4 18. Bf2 Be5 19. O-O Nd6 20.
Nxd6 Bxd6 21. a3 Be5 22. a4 g5 23. a5 bxa5 24. bxa5 Kg7 25. Bc5 Kf6 26. a6
h5 27. h3 Rg8 28. Rb1 g4 29. fxg4 hxg4 30. hxg4 Rxg4 31. Rf3 d6 32. Bf2 Rg7
33. Rb7 1/2-1/2

[Event "9th ECC w"]
[Site "Izmir TUR"]
[Date "2004.10.03"]
[Round "1"]
[White "Jiretorn,E"]
[Black "Gaponenko,I"]
[Result "0-1"]
[WhiteElo "2145"]
[BlackElo "2445"]
[EventDate "2004.10.03"]

1. d4 Nf6 2. c4 e6 3. Nf3 d5 4. g3 dxc4 5. Bg2 Nbd7 6. a4 a6 7. Nbd2 Bb4 8.
O-O c3 9. bxc3 Bxc3 10. Rb1 O-O 11. Nc4 Nb6 12. Nxb6 cxb6 13. Ba3 Re8 14.
Qd3 Ba5 15. Ne5 Nd5 16. Rfc1 Bd7 17. e4 Nf6 18. Nc4 Bc6 19. Nd6 Re7 20. d5
Bxa4 21. dxe6 Rxe6 22. e5 Rxe5 23. Qd4 Re6 24. Qxa4 Rxd6 25. Bxb7 Rd4 26.
Qc6 Rb8 27. Bxa6 h5 28. Rb2 Rd1+ 29. Bf1 Rxc1 30. Qxc1 Ng4 31. Bc4 Rc8 32.
Qf4 0-1

[Event "9th ECC w"]
[Site "Izmir TUR"]
[Date "2004.10.03"]
[Round "1"]
[White "Ornstein,P"]
[Black "Drljevic,L"]
[Result "0-1"]
[WhiteElo "2026"]
[BlackElo "2188"]
[EventDate "2004.10.03"]

1. e4 c6 2. d4 Na6 3. Nf3 Nc7 4. c4 g6 5. Nc3 Bg7 6. Be3 Nf6 7. Qd2 d6 8.
Bh6 Bxh6 9. Qxh6 Ne6 10. h3 Qb6 11. O-O-O Bd7 12. e5 dxe5 13. c5 Qc7 14.
Nxe5 b5 15. Bd3 Rf8 16. Rhe1 a5 17. f4 b4 18. Ne4 Nd5 19. Ng5 Nxg5 20. fxg5
a4 21. Qxh7 a3 22. b3 Nc3 23. Rd2 Be6 24. Bc4 Bxc4 25. Nxc4 Qf4 0-1

[Event "9th ECC w"]
[Site "Izmir TUR"]
[Date "2004.10.03"]
[Round "1"]
[White "Prudnikova,S"]
[Black "Horn,E"]
[Result "1/2-1/2"]
[WhiteElo "2402"]
[BlackElo "2046"]
[EventDate "2004.10.03"]

1. c4 c5 2. Nf3 Nc6 3. d4 cxd4 4. Nxd4 e6 5. Nc3 Bb4 6. Ndb5 a6 7. Nd6+ Ke7
8. Bf4 Qa5 9. Nxc8+ Rxc8 10. Bd2 Nf6 11. e3 Rhd8 12. Be2 d5 13. a3 Bxc3 14.
Bxc3 Qb6 15. Qc2 d4 16. exd4 Nxd4 17. Bxd4 Rxd4 18. O-O Rcd8 19. Rfd1 Ne4
20. Rxd4 Qxd4 21. Bf3 Nd2 22. Bxb7 Nxc4 23. Bxa6 Nxb2 24. a4 Nc4 25. Rc1
Ne5 26. h3 g6 27. Bb5 Rd6 28. a5 Rd5 29. Bf1 Nd7 30. a6 Ra5 31. Rd1 Qb6 32.
Rb1 Qd4 33. Rd1 Qb6 34. Qc4 Nc5 35. Qh4+ Ke8 36. Qxh7 Nxa6 37. Qh8+ Ke7 38.
Qh4+ Ke8 39. Qh8+ Ke7 40. Qh4+ Ke8 41. Qh8+ 1/2-1/2

[Event "9th ECC w"]
[Site "Izmir TUR"]
[Date "2004.10.04"]
[Round "2"]
[White "Dzagnidze,N"]
[Black "Slavina,I"]
[Result "1/2-1/2"]
[WhiteElo "2484"]
[BlackElo "2401"]
[EventDate "2004.10.03"]

1. d4 d5 2. Nf3 c6 3. e3 Bf5 4. c4 Nf6 5. Nc3 e6 6. Nh4 Be4 7. f3 Bg6 8.
Nxg6 hxg6 9. cxd5 exd5 10. g3 Bd6 11. f4 Bb4 12. Bg2 Nbd7 13. O-O O-O 14.
Na4 b5 15. Qb3 Qe7 16. Nc3 Nb6 17. Nd1 Ne4 18. Qc2 Rac8 19. Qe2 Nc4 20. b3
Ncd6 21. Nf2 Nxf2 22. Qxf2 Rfe8 23. Rd1 Bc3 24. Rb1 b4 25. Rd3 a5 26. Bb2
Bxb2 27. Qxb2 Nb5 28. Rf1 Nc3 29. a4 Qd6 30. Qf2 Rc7 31. Bf3 Rce7 32. Kg2
c5 1/2-1/2

[Event "9th ECC w"]
[Site "Izmir TUR"]
[Date "2004.10.04"]
[Round "2"]
[White "Javakhishvili,L"]
[Black "Demina,J"]
[Result "1-0"]
[WhiteElo "2423"]
[BlackElo "2336"]
[EventDate "2004.10.03"]

1. Nf3 Nf6 2. g3 b5 3. c3 c5 4. a4 b4 5. cxb4 cxb4 6. Bg2 Bb7 7. O-O Na6 8.
d3 g6 9. Nbd2 Bg7 10. Nb3 O-O 11. Bd2 Rc8 12. Qe1 Ne8 13. Rb1 Bc6 14. Bxb4
Qb6 15. Bxe7 Qxb3 16. Qa5 Qxa4 17. Qxa4 Bxa4 18. Ra1 Bb5 19. Ng5 Nec7 20.
Bxf8 Rxf8 21. Ra2 Rb8 22. Rfa1 Rb6 23. Ne4 Bc6 24. Nc3 Bxg2 25. Kxg2 Bxc3
26. bxc3 d5 27. Ra5 Kf8 28. f3 f5 29. e4 fxe4 30. fxe4 dxe4 31. d4 Rd6 32.
Kf2 Ke7 33. Ke3 Kd7 34. Kxe4 Re6+ 35. Kd3 Rf6 36. d5 Rb6 37. Kd4 Kc8 38.
Ke5 Nb8 39. c4 Nd7+ 40. Kd4 a6 41. R5a2 Kb7 42. Re1 h5 43. Re7 Nf6 44. Kc5
Nfe8 1-0

[Event "9th ECC w"]
[Site "Izmir TUR"]
[Date "2004.10.04"]
[Round "2"]
[White "Korbut,E"]
[Black "Matnadze,A"]
[Result "0-1"]
[WhiteElo "2400"]
[BlackElo "2338"]
[EventDate "2004.10.03"]

1. e4 c5 2. Nf3 d6 3. d4 cxd4 4. Nxd4 Nf6 5. Nc3 Nc6 6. Bc4 Bd7 7. Bb3 g6
8. f3 Nxd4 9. Qxd4 Bg7 10. Be3 O-O 11. Qd2 b5 12. a4 b4 13. Ne2 a5 14. O-O
Qc8 15. Nd4 Qa6 16. Rfd1 Rfd8 17. Qd3 Qxd3 18. cxd3 e6 19. Rd2 Ne8 20. Rc2
Rdc8 21. Rac1 Rcb8 22. Rc4 Rb7 23. R4c2 Kf8 24. Ne2 Bf6 25. d4 Bd8 26. f4
Bb6 27. f5 gxf5 28. exf5 Kg8 29. Kh1 Ng7 30. Ng3 d5 31. f6 Ne8 32. Rf1 Nc7
33. Bf4 Nb5 34. axb5 a4 35. Bxa4 Rxa4 36. Rfc1 h6 37. Bxh6 b3 38. Re2 Bxd4
39. Bg7 Rc4 40. Rd1 Rc2 41. Ree1 Bxb5 42. Nh5 Be2 43. Rxe2 Rxe2 44. Nf4
Rxb2 45. h3 Ra2 46. Rd3 Be5 47. Bh6 0-1

[Event "9th ECC w"]
[Site "Izmir TUR"]
[Date "2004.10.04"]
[Round "2"]
[White "Polovnikova,E"]
[Black "Lomineishvili,M"]
[Result "1-0"]
[WhiteElo "2407"]
[BlackElo "2429"]
[EventDate "2004.10.03"]

1. d4 Nf6 2. c4 e6 3. g3 d5 4. Bg2 dxc4 5. Nf3 Nc6 6. Qa4 Bd7 7. Qxc4 Na5
8. Qd3 c5 9. dxc5 Bxc5 10. Ne5 Bc6 11. Qxd8+ Rxd8 12. Nxc6 Nxc6 13. Nc3 O-O
14. O-O a6 15. Na4 Bd4 16. e3 Ba7 17. b3 Nd5 18. Ba3 Rfe8 19. Rac1 Ndb4 20.
Bxb4 Nxb4 21. Rc7 Nxa2 22. Rxb7 Bb8 23. Nc5 a5 24. Bc6 Rf8 25. Nd7 Rfe8 26.
Ra1 Nb4 27. Bb5 Bd6 28. Rxa5 Ra8 29. Rxa8 Rxa8 30. e4 Nc2 31. e5 Ba3 32.
Bd3 Nb4 33. Be4 Rd8 34. Nb6 Bb2 35. Nc4 Bc3 36. Kg2 Na6 37. Rb5 Nc7 38. Rc5
Na6 39. Rc6 Nb4 40. Rb6 h5 41. f4 Nd5 42. Rb7 f6 43. Bg6 fxe5 44. fxe5 Rf8
45. Bxh5 Bd4 46. Bg4 Rf2+ 47. Kh3 Nc3 48. Bxe6+ Kh7 49. Rf7 Re2 50. Rf4 Bg1
51. Rh4+ Kg6 52. Rg4+ Kh6 53. Rh4+ Kg5 54. Rg4+ Kh6 55. Rf4 Ne4 56. Rh4+
Kg6 57. Kg4 Nf2+ 58. Kf3 Re1 59. g4 Nd1 60. Bf5+ Kf7 61. Rh8 Ne3 62. Nd6+
1-0

[Event "9th ECC w"]
[Site "Izmir TUR"]
[Date "2004.10.04"]
[Round "2"]
[White "Drljevic,L"]
[Black "Chistiakova,T"]
[Result "0-1"]
[WhiteElo "2188"]
[BlackElo "2301"]
[EventDate "2004.10.03"]

1. e4 c6 2. d4 d5 3. e5 Bf5 4. f4 e6 5. Nf3 Nd7 6. Be2 c5 7. c3 Ne7 8. a3
Nc6 9. O-O Be7 10. Kh1 Rc8 11. Bd3 g6 12. Bxf5 gxf5 13. c4 Nb6 14. dxc5
Bxc5 15. b4 Be7 16. c5 Nc4 17. Qe2 a5 18. Nbd2 axb4 19. Nxc4 dxc4 20. Qxc4
Qa5 21. Be3 bxa3 22. Rfb1 Nd8 23. Rb5 Qc7 24. Rxa3 O-O 25. Rab3 Kh8 26. Bf2
Rg8 27. Ng5 Ra8 28. Qc3 Qd7 29. Rb1 Qd5 30. R5b2 Ra4 31. Rd2 Qc6 32. Rbd1
Rxf4 33. Rxd8 Bxg5 34. Rxg8+ Kxg8 35. Bg3 Qd5 36. Qe1 Rd4 37. Rxd4 Qxd4 38.
Bf2 Qd5 39. Qa1 Bf4 40. Bd4 Kg7 41. Qc3 Qe4 42. Qa1 Bg5 43. Qg1 f4 44. Qd1
Kf8 45. Kg1 Qd5 46. Kf1 f3 47. Kf2 fxg2 48. Qg4 Be7 49. Qf4 Ke8 50. Kg1 Qc4
51. Qf2 Qf1+ 52. Qxf1 gxf1=Q+ 53. Kxf1 Kd7 54. Ke2 Kc6 55. Kf3 Bxc5 56. Bc3
Kd5 57. h4 Bd4 58. Bxd4 Kxd4 59. Kf4 b5 60. Kg5 b4 61. Kh6 b3 0-1

[Event "9th ECC w"]
[Site "Izmir TUR"]
[Date "2004.10.04"]
[Round "2"]
[White "Gaponenko,I"]
[Black "Zaiatz,E"]
[Result "1/2-1/2"]
[WhiteElo "2445"]
[BlackElo "2400"]
[EventDate "2004.10.03"]

1. e4 e5 2. Nf3 Nc6 3. Bb5 Nf6 4. O-O Nxe4 5. d4 Nd6 6. Bxc6 dxc6 7. dxe5
Nf5 8. Qxd8+ Kxd8 9. Nc3 Be6 10. g4 Ne7 11. Ng5 h5 12. Nxe6+ fxe6 13. Ne4
Ng6 14. Ng5 Ke7 15. gxh5 Rxh5 16. f4 Rd8 17. Be3 b6 18. a4 Nh4 19. a5 Nf5
20. Bf2 g6 21. axb6 axb6 22. Ne4 Bg7 23. Rfd1 Rxd1+ 24. Rxd1 Rh8 25. Ra1 c5
26. Ra7 Kd7 27. b4 cxb4 28. Bxb6 Kc6 29. Ba5 Bf8 30. c4 Rh7 31. Ra6+ Kb7
32. Rxe6 Nd4 33. Rxg6 Nc6 34. Bxb4 Bxb4 35. e6 Nd4 36. Kg2 Re7 37. Ng5 Bc3
38. Rf6 Ne2 39. Rf7 Rxf7 40. exf7 Nxf4+ 41. Kf3 Ng6 42. Ne6 Bb4 43. c5 Kc6
44. f8=Q Nxf8 45. Nxf8 Bxc5 46. Ne6 1/2-1/2

[Event "9th ECC w"]
[Site "Izmir TUR"]
[Date "2004.10.04"]
[Round "2"]
[White "Matveeva,S"]
[Black "Bojkovic,N"]
[Result "1/2-1/2"]
[WhiteElo "2437"]
[BlackElo "2398"]
[EventDate "2004.10.03"]

1. d4 Nf6 2. c4 e6 3. Nc3 Bb4 4. Qc2 c5 5. dxc5 O-O 6. a3 Bxc5 7. Nf3 b6 8.
Bf4 Bb7 9. Rd1 Nh5 10. Bg3 f5 11. e3 Nxg3 12. hxg3 Qf6 13. Be2 Rf7 14. Nb5
Nc6 15. Qc3 Qxc3+ 16. Nxc3 h6 17. Nb5 Bf8 18. Nd6 Bxd6 19. Rxd6 Rc8 20. b4
Re7 21. O-O Rc7 22. Rfd1 Nd8 23. Ne5 Nf7 24. Nxf7 Kxf7 25. a4 Re8 26. Ra1
Rc6 27. Rd2 a6 28. Rad1 Rd8 29. Bf3 Rc7 30. Bxb7 Rxb7 31. Rd6 1/2-1/2

[Event "9th ECC w"]
[Site "Izmir TUR"]
[Date "2004.10.04"]
[Round "2"]
[White "Shaidullina,S"]
[Black "Prudnikova,S"]
[Result "0-1"]
[WhiteElo "2308"]
[BlackElo "2402"]
[EventDate "2004.10.03"]

1. d4 d5 2. c4 e6 3. Nf3 c6 4. Nbd2 f5 5. g3 Nf6 6. Bg2 Bd6 7. O-O Nbd7 8.
b3 O-O 9. Bb2 b6 10. Ne5 Bb7 11. Nd3 Qe7 12. e3 a5 13. Rc1 Rfd8 14. Qc2 Ne4
15. Rfd1 Rac8 16. Qb1 Ba6 17. cxd5 cxd5 18. Bf1 Rxc1 19. Qxc1 Rc8 20. Qa1
g5 21. f3 Nxd2 22. Rxd2 Nf6 23. Qd1 g4 24. f4 Qc7 25. Nf2 Bxf1 26. Qxf1 h5
27. Rd1 Qb7 28. Rc1 Kf7 29. Rxc8 Qxc8 30. Qd3 Bb4 31. Kf1 Ke7 32. Qe2 Qc6
0-1

[Event "9th ECC w"]
[Site "Izmir TUR"]
[Date "2004.10.04"]
[Round "2"]
[White "Kononenko,T"]
[Black "Botvinnik,Ir"]
[Result "0-1"]
[WhiteElo "2305"]
[BlackElo "2239"]
[EventDate "2004.10.03"]

1. d4 d5 2. c4 dxc4 3. e3 a6 4. Bxc4 Nf6 5. Nf3 e6 6. O-O c5 7. a4 Nc6 8.
Qe2 cxd4 9. Rd1 Be7 10. exd4 O-O 11. Nc3 Nb4 12. Ne5 Bd7 13. Bg5 Bc6 14.
Nxc6 bxc6 15. a5 Qc7 16. Bxf6 Bxf6 17. Ne4 Be7 18. Ra3 Rfd8 19. Qh5 Nd5 20.
Rf3 f5 21. Nc3 Rf8 22. Bxd5 cxd5 23. Re3 Rf6 24. Qe2 Rh6 25. h3 Qc6 26. Re1
Kf7 27. Na2 Rb8 28. Nc1 Re8 29. Nd3 Bd6 30. b4 Qc4 31. Qb2 Rh4 32. g3 Rxh3
33. Nc5 Rh6 34. Rc1 Qb5 35. Rcc3 f4 36. Kg2 g5 37. Re1 g4 38. gxf4 Bxf4 39.
Nd3 Bd6 40. Qe2 Rf8 41. Ne5+ Ke7 42. Re3 Qb7 43. Rc3 Kf6 44. Rc6 Qxb4 45.
Nd3 Qb8 46. Rb1 Qd8 47. Ne5 Bxe5 48. dxe5+ Kg7 49. Rb3 Rf4 50. Rg3 Kf8 51.
Qe3 Rh5 52. Rxe6 d4 53. Qe2 Qh4 0-1

[Event "9th ECC w"]
[Site "Izmir TUR"]
[Date "2004.10.04"]
[Round "2"]
[White "Miloradovic,J"]
[Black "Len,I"]
[Result "0-1"]
[WhiteElo "2133"]
[BlackElo "2105"]
[EventDate "2004.10.03"]

1. Nf3 f5 2. g3 Nf6 3. Bg2 d6 4. d4 c6 5. b3 Ne4 6. O-O Nd7 7. Nh4 g6 8.
Qd3 Nef6 9. Nc3 d5 10. f4 Bg7 11. Nf3 O-O 12. Ng5 Nb6 13. a4 a5 14. Ba3 Ne4
15. Nf3 Re8 16. Rad1 Nd7 17. Nb1 b6 18. c4 Ba6 19. Qc2 Rc8 20. Rfe1 e6 21.
e3 Ndf6 22. Ne5 Qc7 23. Bf1 c5 24. cxd5 Bxf1 25. d6 Nxd6 26. Rxf1 Nd5 27.
Qe2 Ne4 28. Rc1 Bxe5 29. fxe5 Qb7 30. Nd2 Ndc3 31. Qg2 cxd4 32. exd4 Qd5
33. Nc4 Qxd4+ 34. Kh1 Qd8 35. Bb2 Nd5 36. Rfd1 Qg5 37. Bd4 Rc6 38. Rc2 Rec8
39. Rdc1 Nb4 40. Be3 Qd8 41. Re2 Qd3 42. Rg1 Nd5 43. g4 Rxc4 44. bxc4 Nxe3
45. Qf3 f4 46. Qxf4 Qxe2 47. Qxe4 Rc5 48. Qa8+ Kg7 49. Qb7+ Kf8 50. Qb8+
Kf7 51. Qb7+ Ke8 52. Qb8+ Kd7 53. Qd6+ Kc8 54. Qxe6+ Kb7 55. Qf7+ Rc7 56.
Qf4 Nd5 57. Qg5 Qf3+ 58. Rg2 Ne3 0-1

[Event "9th ECC w"]
[Site "Izmir TUR"]
[Date "2004.10.04"]
[Round "2"]
[White "Vovinkina,N"]
[Black "Zdebskaja,N"]
[Result "1-0"]
[WhiteElo "2156"]
[BlackElo "2321"]
[EventDate "2004.10.03"]

1. d4 Nf6 2. Nf3 e6 3. e3 c5 4. c3 b6 5. Nbd2 Bb7 6. Bd3 d5 7. O-O Be7 8.
Ne5 O-O 9. f4 Nbd7 10. Qf3 Qc7 11. g4 Nxe5 12. fxe5 Nd7 13. Qh3 g6 14. Nf3
Qd8 15. Bd2 f6 16. exf6 Bxf6 17. g5 Bxg5 18. Qxe6+ Kh8 19. Bb5 Nb8 20. Ne5
Bc8 21. Rxf8+ Qxf8 22. Qxd5 1-0

[Event "9th ECC w"]
[Site "Izmir TUR"]
[Date "2004.10.04"]
[Round "2"]
[White "Dushenok,A"]
[Black "Borisova,B"]
[Result "1-0"]
[WhiteElo "2238"]
[BlackElo "2148"]
[EventDate "2004.10.03"]

1. d4 Nf6 2. c4 e6 3. Nf3 Bb4+ 4. Nbd2 c5 5. a3 Bxd2+ 6. Bxd2 cxd4 7. Nxd4
O-O 8. g3 e5 9. Nb5 Nc6 10. Bg2 d5 11. cxd5 Nxd5 12. O-O Be6 13. Nc3 Rc8
14. Ne4 Bg4 15. h3 Bh5 16. g4 Bg6 17. Bg5 Nce7 18. Qb3 Nf4 19. Bxf4 exf4
20. Qxb7 Rc7 21. Qb3 Qd4 22. Rad1 Qe5 23. Nc3 Kh8 24. Qb4 Rfc8 25. Qd4 Nc6
26. Bxc6 Qxd4 27. Rxd4 Rxc6 28. Rfd1 h6 29. Rxf4 Rb8 30. Rd2 Rbb6 31. Na4
Rb3 32. f3 Rc8 33. Rfd4 Rc1+ 34. Kf2 Rc6 35. e4 Rf6 36. Nc3 Rfb6 37. Nd5
Re6 38. Rb4 Rxb4 39. Nxb4 f6 40. Rd7 a5 41. Nd5 Rc6 42. Rc7 Rd6 43. b4 axb4
44. axb4 f5 45. Nf4 fxe4 46. Nxg6+ Rxg6 47. fxe4 Rb6 48. Rc4 Rb5 49. Ke3
Kg8 50. Kd3 Kf7 51. Rd4 Ke6 52. Kc4 Rb8 53. Rd5 Ra8 54. b5 Ra4+ 55. Kc5
Rxe4 56. b6 Re1 57. Kc6 Rb1 58. Rb5 Rc1+ 59. Rc5 Rb1 60. b7 1-0

[Event "9th ECC w"]
[Site "Izmir TUR"]
[Date "2004.10.04"]
[Round "2"]
[White "Horn,E"]
[Black "Molchanova,T"]
[Result "0-1"]
[WhiteElo "2046"]
[BlackElo "2298"]
[EventDate "2004.10.03"]

1. e4 c6 2. d4 d5 3. Nc3 dxe4 4. Nxe4 Bf5 5. Ng3 Bg6 6. h4 h6 7. Nf3 Nf6 8.
h5 Bh7 9. Bd3 Bxd3 10. Qxd3 e6 11. Bd2 c5 12. c4 Nc6 13. Bc3 cxd4 14. Nxd4
e5 15. Qe3 Nxd4 16. O-O-O Ng4 17. Qe4 Qg5+ 18. f4 Qxf4+ 19. Qxf4 exf4 20.
Rxd4 Bc5 21. Re1+ Ne3 22. Re4+ Kf8 23. Rxf4 Nxg2 24. Rg4 Nxe1 25. Bxg7+ Ke7
26. Bxh8 Rxh8 27. Re4+ Kf8 28. a3 Nf3 29. b4 Be7 30. Nf5 Bf6 31. Nd6 Rg8
32. Nxb7 Rg2 33. Nc5 Bb2+ 34. Kd1 Rd2+ 0-1

[Event "9th ECC w"]
[Site "Izmir TUR"]
[Date "2004.10.04"]
[Round "2"]
[White "Ovod,E"]
[Black "Johansson,V"]
[Result "1-0"]
[WhiteElo "2301"]
[BlackElo "2189"]
[EventDate "2004.10.03"]

1. d4 d5 2. c4 c6 3. Nf3 Nf6 4. Nc3 dxc4 5. a4 Bf5 6. e3 e6 7. Bxc4 Bb4 8.
O-O Nbd7 9. Nh4 O-O 10. f3 Bg6 11. Nxg6 hxg6 12. e4 e5 13. Ne2 Qa5 14. Be3
exd4 15. Nxd4 Ne5 16. Nb3 Qc7 17. Be2 Rad8 18. Qc2 a5 19. Kh1 Rfe8 20. Rac1
Ned7 21. Rfd1 Nh5 22. Bf1 Bd6 23. g3 Ne5 24. Qf2 Nd7 25. Nd2 Bb4 26. Nc4
Nhf6 27. Bf4 Qc8 28. Bh3 Qa8 29. Bc7 Nc5 30. Rxd8 Rxd8 31. Nb6 Nd3 32. Qf1
Qa6 33. Bxd8 Nxc1 34. Qxc1 Qd3 35. Bxf6 Qxf3+ 36. Bg2 Qxf6 37. Nc4 Qd4 38.
h4 b5 39. axb5 cxb5 40. Ne3 Bc5 41. Nd5 Qf2 42. Kh2 Bd6 43. Qc8+ Kh7 44.
Qc3 b4 45. Qf3 Qxb2 46. Qxf7 Qe5 47. Nf4 Qf6 48. Qxf6 gxf6 49. Nd3 b3 50.
Bf3 Be5 51. Bd1 b2 52. Bc2 Bd4 53. Kg2 a4 54. Kf3 a3 55. Bb1 Kh6 56. g4 Bc3
57. Ke2 Bd4 58. Ne1 Be5 59. Nf3 Bg3 60. Kd3 Kg7 61. Kc4 Kf7 62. Kb3 Ke7 63.
g5 fxg5 64. hxg5 1-0

[Event "9th ECC w"]
[Site "Izmir TUR"]
[Date "2004.10.05"]
[Round "3"]
[White "Benderac,A"]
[Black "Gvetadze,S"]
[Result "0-1"]
[WhiteElo "2299"]
[BlackElo "2324"]
[EventDate "2004.10.03"]

1. d4 Nf6 2. Nf3 e6 3. e3 c5 4. Be2 b6 5. O-O Bb7 6. Nbd2 Be7 7. c3 O-O 8.
b3 d6 9. Bb2 Nbd7 10. Re1 Rc8 11. Nf1 Rc7 12. N3d2 Qa8 13. f3 d5 14. Ng3
Rd8 15. f4 Ne4 16. Ngxe4 dxe4 17. Rc1 Nf6 18. Bf1 a5 19. g3 Nd5 20. Nxe4
Nxe3 21. Rxe3 Bxe4 22. Qe2 Bb7 23. d5 Bxd5 24. c4 Bc6 25. Qg4 Bf8 26. f5
exf5 27. Qxf5 Bh1 28. Rc2 Rcd7 29. Rf2 Qb7 30. g4 g6 31. Qf6 Rd4 32. Bxd4
cxd4 33. Rd3 Rd6 34. Qf4 Re6 35. Rg2 Bxg2 36. Bxg2 Re1+ 37. Kf2 Qe7 38. Qd2
Qh4+ 39. Rg3 Bb4 40. Qxe1 Bxe1+ 41. Kxe1 d3 42. Bd5 Qe7+ 0-1